[Event "MSR_ch16"]
[Site "?"]
[Date "2024.04.07"]
[Round "4.9"]
[White "Simunek, Matej"]
[Black "Hasala, Richard"]
[Result "0-1"]
[BlackElo "1851"]
[WhiteElo "1711"]
[LiveChessVersion "1.4.8"]

1. d4 {[%clk 1:30:44]} Nf6 {[%clk 1:30:54]} 2. c4 {[%clk 1:31:08]} g6
{[%clk 1:31:20]} 3. Nc3 {[%clk 1:30:21]} d5 {[%clk 1:31:39]} 4. Nf3
{[%clk 1:30:23]} Bg7 {[%clk 1:32:04]} 5. Bf4 {[%clk 1:28:14]} c6 {[%clk 1:29:56]}
6. e3 {[%clk 1:27:05]} O-O {[%clk 1:30:15]} 7. Be2 {[%clk 1:26:44]} dxc4
{[%clk 1:28:49]} 8. Bxc4 {[%clk 1:26:44]} b5 {[%clk 1:29:12]} 9. Be2
{[%clk 1:25:18]} Bb7 {[%clk 1:29:35]} 10. O-O {[%clk 1:25:12]} Nbd7
{[%clk 1:29:33]} 11. Qc2 {[%clk 1:18:48]} a6 {[%clk 1:20:29]} 12. Rfd1
{[%clk 1:15:15]} Nh5 {[%clk 1:14:04]} 13. Bg3 {[%clk 1:12:24]} Nxg3
{[%clk 1:14:28]} 14. hxg3 {[%clk 1:12:48]} Qc7 {[%clk 1:14:51]} 15. Ne4
{[%clk 1:12:46]} e5 {[%clk 1:14:26]} 16. dxe5 {[%clk 1:11:05]} Nxe5
{[%clk 1:14:46]} 17. Nc5 {[%clk 1:05:52]} Bc8 {[%clk 1:12:04]} 18. Nd4
{[%clk 1:01:20]} Nd7 {[%clk 1:07:52]} 19. Bf3 {[%clk 0:59:55]} Ne5
{[%clk 1:03:30]} 20. Be2 {[%clk 0:49:34]} Re8 {[%clk 0:59:41]} 21. Rac1
{[%clk 0:47:40]} Qb6 {[%clk 0:54:20]} 22. b3 {[%clk 0:42:49]} Kh8
{[%clk 0:51:13]} 23. Nd3 {[%clk 0:41:20]} Nxd3 {[%clk 0:48:59]} 24. Qxd3
{[%clk 0:33:00]} Bb7 {[%clk 0:43:46]} 25. Bf3 {[%clk 0:24:09]} Rac8
{[%clk 0:43:33]} 26. b4 {[%clk 0:23:59]} Red8 {[%clk 0:36:40]} 27. Qc3
{[%clk 0:23:19]} Kg8 {[%clk 0:33:43]} 28. a3 {[%clk 0:23:32]} Rd7
{[%clk 0:32:12]} 29. Qc5 {[%clk 0:21:56]} Qxc5 {[%clk 0:32:24]} 30. Rxc5
{[%clk 0:22:18]} Bxd4 {[%clk 0:32:25]} 31. Rxd4 {[%clk 0:22:00]} Rxd4
{[%clk 0:32:16]} 32. exd4 {[%clk 0:22:24]} Kf8 {[%clk 0:32:37]} 33. d5
{[%clk 0:22:31]} cxd5 {[%clk 0:32:45]} 34. Rxc8+ {[%clk 0:22:57]} Bxc8
{[%clk 0:33:10]} 35. Bxd5 {[%clk 0:23:20]} Ke7 {[%clk 0:33:36]} 36. Kf1
{[%clk 0:23:21]} f6 {[%clk 0:33:19]} 37. Ke2 {[%clk 0:23:37]} Kd6
{[%clk 0:33:38]} 38. Bg8 {[%clk 0:23:05]} h6 {[%clk 0:33:55]} 39. Bf7
{[%clk 0:22:35]} g5 {[%clk 0:33:37]} 40. f4 {[%clk 0:22:27]} Bb7 {[%clk 0:33:33]}
41. Kf2 {[%clk 0:22:06]} Be4 {[%clk 0:32:10]} 42. Bb3 {[%clk 0:13:35]} Bd5
{[%clk 0:30:44]} 43. Bc2 {[%clk 0:13:27]} Bc6 {[%clk 0:22:41]} 44. Bb3
{[%clk 0:13:40]} Be4 {[%clk 0:23:04]} 45. Bf7 {[%clk 0:22:31]} Bd3
{[%clk 0:53:15]} 46. Bb3 {[%clk 0:20:35]} Bc4 {[%clk 0:50:07]} 47. Bc2
{[%clk 0:10:32]} Bd5 {[%clk 0:42:16]} 48. Bd3 {[%clk 0:10:18]} Ke6
{[%clk 0:41:18]} 49. fxg5 {[%clk 0:10:05]} hxg5 {[%clk 0:41:33]} 50. g4
{[%clk 0:10:08]} Ke5 {[%clk 0:41:53]} 51. Ke3 {[%clk 0:09:29]} Bxg2
{[%clk 0:42:04]} 52. Bf5 {[%clk 0:09:47]} Bb7 {[%clk 0:41:42]} 53. Bd7
{[%clk 0:09:34]} Kd6 {[%clk 0:35:48]} 54. Bf5 {[%clk 0:09:49]} Kc7
{[%clk 0:35:27]} 55. Kd4 {[%clk 0:10:00]} Bc8 {[%clk 0:35:25]} 56. Bxc8
{[%clk 0:06:36]} Kxc8 {[%clk 0:35:50]} 57. Kd5 {[%clk 0:06:44]} Kd7
{[%clk 0:36:13]} 58. Kc5 {[%clk 0:07:08]} Ke6 {[%clk 0:36:06]} 59. Kb6
{[%clk 0:07:25]} f5 {[%clk 0:36:31]} 60. gxf5+ {[%clk 0:06:56]} Kxf5
{[%clk 0:36:55]} 61. Kxa6 {[%clk 0:06:44]} g4 {[%clk 0:37:20]} 62. Kxb5
{[%clk 0:07:01]} g3 {[%clk 0:37:47]} 63. a4 {[%clk 0:06:54]} g2 {[%clk 0:38:11]}
64. Ka6 {[%clk 0:07:17]} g1=Q {[%clk 0:38:31]} 65. b5 {[%clk 0:07:37]} Qa1
{[%clk 0:38:33]} 66. a5 {[%clk 0:07:56]} Ke6 {[%clk 0:38:48]} 67. b6
{[%clk 0:08:15]} Kd7 {[%clk 0:38:52]} 68. Kb5 {[%clk 0:07:30]} Qf1+
{[%clk 0:39:08]} 69. Kc5 {[%clk 0:07:46]} Qa6 {[%clk 0:39:27]} 70. Kb4
{[%clk 0:08:11]} Kc6 {[%clk 0:39:39]} 71. Ka4 {[%clk 0:08:30]} Kc5
{[%clk 0:40:02]} 0-1

[Event "MSR_ch16"]
[Site "?"]
[Date "2024.04.07"]
[Round "4.10"]
[White "Earle, Dominic James"]
[Black "Osvald, David"]
[Result "0-1"]
[BlackElo "1554"]
[WhiteElo "1849"]
[LiveChessVersion "1.4.8"]

1. Nf3 {[%clk 1:30:51]} Nf6 {[%clk 1:30:48]} 2. c4 {[%clk 1:31:13]} c5
{[%clk 1:30:38]} 3. e3 {[%clk 1:31:07]} e6 {[%clk 1:29:02]} 4. d4
{[%clk 1:31:15]} d5 {[%clk 1:29:17]} 5. Nc3 {[%clk 1:30:59]} Nc6 {[%clk 1:28:23]}
6. cxd5 {[%clk 1:25:19]} exd5 {[%clk 1:28:30]} 7. Be2 {[%clk 1:25:43]} Bd6
{[%clk 1:26:58]} 8. O-O {[%clk 1:25:58]} a6 {[%clk 1:26:40]} 9. b3
{[%clk 1:25:34]} O-O {[%clk 1:25:53]} 10. Bb2 {[%clk 1:25:41]} Be6
{[%clk 1:24:18]} 11. Rc1 {[%clk 1:23:54]} cxd4 {[%clk 1:21:52]} 12. Nxd4
{[%clk 1:24:19]} Bc7 {[%clk 1:15:58]} 13. Na4 {[%clk 1:13:01]} Qd6
{[%clk 1:12:28]} 14. f4 {[%clk 1:11:35]} Nxd4 {[%clk 1:08:49]} 15. Qxd4
{[%clk 1:11:40]} b6 {[%clk 1:03:17]} 16. Rf3 {[%clk 1:09:45]} Ne8
{[%clk 1:00:24]} 17. Rg3 {[%clk 1:07:40]} f6 {[%clk 0:59:58]} 18. Bd3
{[%clk 0:53:50]} b5 {[%clk 0:52:28]} 19. Nc5 {[%clk 0:49:39]} Bb6
{[%clk 0:50:32]} 20. b4 {[%clk 0:48:49]} Rc8 {[%clk 0:49:05]} 21. Bb1
{[%clk 0:48:35]} Kh8 {[%clk 0:42:37]} 22. h4 {[%clk 0:32:41]} a5 {[%clk 0:37:52]}
23. a3 {[%clk 0:22:27]} Rf7 {[%clk 0:31:11]} 24. h5 {[%clk 0:20:55]} Rfc7
{[%clk 0:28:40]} 25. Qd3 {[%clk 0:18:39]} Bg8 {[%clk 0:26:41]} 26. Bd4
{[%clk 0:18:27]} Qe7 {[%clk 0:20:41]} 27. Qxb5 {[%clk 0:15:26]} Ba7
{[%clk 0:16:10]} 28. Qxa5 {[%clk 0:13:18]} Nd6 {[%clk 0:15:39]} 29. Rf3
{[%clk 0:10:46]} Nb7 {[%clk 0:12:34]} 30. Qxa7 {[%clk 0:09:54]} Nxc5
{[%clk 0:10:14]} 31. Qa5 {[%clk 0:10:21]} Nb3 {[%clk 0:08:07]} 32. Rxc7
{[%clk 0:10:45]} Rxc7 {[%clk 0:08:30]} 33. Qb6 {[%clk 0:09:50]} Rc1+
{[%clk 0:08:41]} 34. Rf1 {[%clk 0:10:08]} Rxf1+ {[%clk 0:09:09]} 35. Kxf1
{[%clk 0:10:14]} Nd2+ {[%clk 0:09:35]} 36. Ke2 {[%clk 0:10:34]} Nxb1
{[%clk 0:09:28]} 37. Qa6 {[%clk 0:10:24]} Qe4 {[%clk 0:09:17]} 38. Kd1
{[%clk 0:09:09]} Qxg2 {[%clk 0:08:33]} 39. Qd3 {[%clk 0:08:11]} Qa2
{[%clk 0:07:34]} 40. b5 {[%clk 0:07:47]} Nxa3 {[%clk 0:05:49]} 41. b6
{[%clk 0:08:03]} Nc4 {[%clk 0:04:37]} 42. b7 {[%clk 0:08:01]} Qa4+
{[%clk 0:03:16]} 43. Qc2 {[%clk 0:08:28]} Qb5 {[%clk 0:03:14]} 44. h6
{[%clk 0:07:53]} Qxb7 {[%clk 0:02:39]} 45. Qf5 {[%clk 0:07:37]} Qb3+
{[%clk 0:01:42]} 46. Ke1 {[%clk 0:07:24]} Qb4+ {[%clk 0:01:27]} 47. Kf1
{[%clk 0:07:36]} Qb1+ {[%clk 0:01:38]} 48. Qxb1 {[%clk 0:08:04]} Nd2+
{[%clk 0:02:06]} 49. Ke2 {[%clk 0:08:32]} Nxb1 {[%clk 0:02:34]} 50. Bb2
{[%clk 0:08:36]} Be6 {[%clk 0:01:43]} 51. Kd1 {[%clk 0:07:16]} Bf5
{[%clk 0:01:32]} 52. Ke2 {[%clk 0:07:36]} Kg8 {[%clk 0:00:43]} 53. hxg7
{[%clk 0:07:01]} Kxg7 {[%clk 0:01:02]} 54. Kd1 {[%clk 0:07:18]} Be4
{[%clk 0:01:08]} 55. Ke2 {[%clk 0:07:43]} Kg6 {[%clk 0:01:29]} 56. Ke1
{[%clk 0:07:27]} f5 {[%clk 0:01:53]} 57. Kf2 {[%clk 0:07:39]} Kh5
{[%clk 0:01:47]} 58. Kg3 {[%clk 0:07:56]} Bd3 {[%clk 0:02:00]} 59. Bd4
{[%clk 0:07:31]} Nd2 {[%clk 0:02:15]} 60. Bb6 {[%clk 0:07:18]} Ne4+
{[%clk 0:02:29]} 61. Kf3 {[%clk 0:07:04]} Bc2 {[%clk 0:02:35]} 62. Bd8
{[%clk 0:07:09]} Bd1+ {[%clk 0:02:48]} 63. Kg2 {[%clk 0:07:33]} Kg4
{[%clk 0:03:02]} 64. Ba5 {[%clk 0:07:33]} h5 {[%clk 0:02:44]} 65. Be1
{[%clk 0:07:32]} h4 {[%clk 0:02:28]} 66. Ba5 {[%clk 0:07:40]} Bf3+
{[%clk 0:02:14]} 67. Kh2 {[%clk 0:08:04]} h3 {[%clk 0:02:20]} 68. Be1
{[%clk 0:08:09]} Bg2 {[%clk 0:02:40]} 69. Bb4 {[%clk 0:07:53]} Kf3
{[%clk 0:02:46]} 70. Bc5 {[%clk 0:08:06]} Kf2 {[%clk 0:02:54]} 71. Be7
{[%clk 0:08:15]} Kxe3 {[%clk 0:02:29]} 72. Bg5 {[%clk 0:08:34]} d4
{[%clk 0:02:27]} 73. Kg1 {[%clk 0:08:55]} Kf3 {[%clk 0:02:40]} 74. Kh2
{[%clk 0:09:19]} d3 {[%clk 0:02:41]} 75. Bh4 {[%clk 0:09:37]} d2 {[%clk 0:02:35]}
76. Be1 {[%clk 0:10:03]} d1=Q {[%clk 0:02:30]} 77. Bf2 {[%clk 0:10:28]} Qh1# 0-1

[Event "MSR_ch16"]
[Site "?"]
[Date "2024.04.07"]
[Round "4.11"]
[White "Bersihand, Hugo Maria"]
[Black "Szakal, Bartolomej"]
[Result "0-1"]
[BlackElo "1839"]
[WhiteElo "1513"]
[LiveChessVersion "1.4.8"]

1. e4 {[%clk 1:30:58]} c5 {[%clk 1:30:22]} 2. Nf3 {[%clk 1:31:08]} d6
{[%clk 1:30:29]} 3. d4 {[%clk 1:31:31]} cxd4 {[%clk 1:30:53]} 4. Nxd4
{[%clk 1:31:55]} Nc6 {[%clk 1:31:17]} 5. Nc3 {[%clk 1:32:20]} Nf6
{[%clk 1:31:35]} 6. Bb5 {[%clk 1:31:50]} Bd7 {[%clk 1:31:38]} 7. Nxc6
{[%clk 1:30:33]} Bxc6 {[%clk 1:31:58]} 8. Bxc6+ {[%clk 1:30:27]} bxc6
{[%clk 1:32:25]} 9. O-O {[%clk 1:30:39]} g6 {[%clk 1:32:47]} 10. h3
{[%clk 1:30:27]} Bg7 {[%clk 1:33:07]} 11. Be3 {[%clk 1:30:43]} O-O
{[%clk 1:33:19]} 12. Qd2 {[%clk 1:28:43]} Qa5 {[%clk 1:30:53]} 13. Rfe1
{[%clk 1:26:12]} Rab8 {[%clk 1:25:03]} 14. Rab1 {[%clk 1:23:12]} Rb7
{[%clk 1:23:24]} 15. b4 {[%clk 1:19:22]} Qa6 {[%clk 1:13:58]} 16. Rb3
{[%clk 1:16:15]} Rfb8 {[%clk 1:08:15]} 17. a3 {[%clk 1:15:26]} Qc4
{[%clk 1:06:17]} 18. Qd3 {[%clk 1:09:26]} Qxd3 {[%clk 1:05:54]} 19. cxd3
{[%clk 1:09:50]} a5 {[%clk 1:05:53]} 20. Reb1 {[%clk 1:09:40]} Nd7
{[%clk 1:05:22]} 21. Ne2 {[%clk 1:09:07]} a4 {[%clk 1:04:50]} 22. Rc3
{[%clk 1:08:46]} Bxc3 {[%clk 1:04:11]} 23. Nxc3 {[%clk 1:09:14]} Ne5
{[%clk 1:00:29]} 24. d4 {[%clk 1:07:11]} Nc4 {[%clk 1:00:16]} 25. Bc1
{[%clk 1:07:33]} c5 {[%clk 0:58:06]} 26. dxc5 {[%clk 1:07:13]} dxc5
{[%clk 0:58:28]} 27. Nxa4 {[%clk 1:07:36]} cxb4 {[%clk 0:58:40]} 28. axb4
{[%clk 1:05:15]} Rxb4 {[%clk 0:58:58]} 29. Rxb4 {[%clk 1:05:28]} Rxb4
{[%clk 0:59:21]} 30. Nc5 {[%clk 1:05:10]} Rb1 {[%clk 0:58:40]} 31. Nd3
{[%clk 1:05:27]} Nd2 {[%clk 0:58:15]} 32. Kh2 {[%clk 1:03:51]} Nxe4
{[%clk 0:55:46]} 33. f3 {[%clk 1:02:54]} Nc5 {[%clk 0:53:30]} 34. Nxc5
{[%clk 1:02:59]} Rxc1 {[%clk 0:53:53]} 35. Nd3 {[%clk 1:02:52]} Rc2
{[%clk 0:54:06]} 36. Nb4 {[%clk 1:03:00]} Rb2 {[%clk 0:54:11]} 37. Nc6
{[%clk 1:03:10]} e6 {[%clk 0:54:28]} 38. f4 {[%clk 1:03:10]} Kg7 {[%clk 0:54:44]}
39. Ne5 {[%clk 1:02:52]} f6 {[%clk 0:54:43]} 40. Nf3 {[%clk 1:02:58]} Kf7
{[%clk 0:54:30]} 41. Kg3 {[%clk 1:00:17]} Ra2 {[%clk 0:53:46]} 42. h4
{[%clk 0:59:30]} h5 {[%clk 0:54:07]} 43. Kh3 {[%clk 0:58:59]} Ra3
{[%clk 0:54:26]} 44. Kg3 {[%clk 0:59:07]} Ke7 {[%clk 0:54:44]} 45. Kh2
{[%clk 0:58:14]} Rxf3 {[%clk 0:54:59]} 46. gxf3 {[%clk 0:58:34]} Kd6
{[%clk 0:55:20]} 47. Kg3 {[%clk 0:58:46]} Kd5 {[%clk 0:55:37]} 48. Kf2
{[%clk 0:58:49]} Kd4 {[%clk 0:55:43]} 49. Kg2 {[%clk 0:57:39]} Ke3
{[%clk 0:55:40]} 50. Kg3 {[%clk 0:57:45]} f5 {[%clk 0:55:03]} 51. Kg2
{[%clk 0:57:52]} Kxf4 {[%clk 0:55:26]} 52. Kf2 {[%clk 0:58:08]} e5
{[%clk 0:55:49]} 53. Kg2 {[%clk 0:58:29]} e4 {[%clk 0:56:09]} 54. fxe4
{[%clk 0:58:48]} fxe4 {[%clk 0:56:37]} 55. Kf2 {[%clk 0:58:49]} Kg4
{[%clk 0:56:58]} 56. Ke3 {[%clk 0:59:10]} Kxh4 {[%clk 0:57:20]} 57. Kxe4
{[%clk 0:59:37]} Kg3 {[%clk 0:57:38]} 58. Ke5 {[%clk 0:59:52]} h4
{[%clk 0:57:53]} 59. Ke6 {[%clk 1:00:14]} h3 {[%clk 0:58:12]} 60. Kd6
{[%clk 1:00:36]} h2 {[%clk 0:58:32]} 61. Ke5 {[%clk 1:00:58]} h1=Q
{[%clk 0:58:47]} 62. Kf6 {[%clk 1:01:16]} Qd5 {[%clk 0:59:03]} 63. Ke7
{[%clk 1:01:24]} Qf5 {[%clk 0:59:19]} 64. Kd6 {[%clk 1:01:47]} Qe4
{[%clk 0:59:40]} 65. Kc5 {[%clk 1:02:07]} Qd3 {[%clk 1:00:03]} 66. Kb4
{[%clk 1:02:30]} Qc2 {[%clk 1:00:25]} 67. Ka5 {[%clk 1:02:45]} Qb1
{[%clk 1:00:47]} 68. Ka4 {[%clk 1:03:07]} Kf4 {[%clk 1:01:07]} 0-1

[Event "MSR_ch16"]
[Site "?"]
[Date "2024.04.07"]
[Round "4.12"]
[White "Rebro, Damian"]
[Black "Liska, Leo"]
[Result "1/2-1/2"]
[BlackElo "1361"]
[WhiteElo "1825"]
[LiveChessVersion "1.4.8"]

1. e4 {[%clk 1:30:59]} c6 {[%clk 1:30:59]} 2. d4 {[%clk 1:31:26]} d5
{[%clk 1:31:23]} 3. f3 {[%clk 1:31:42]} dxe4 {[%clk 1:31:25]} 4. fxe4
{[%clk 1:32:05]} e5 {[%clk 1:31:50]} 5. Nf3 {[%clk 1:32:34]} Bg4 {[%clk 1:32:14]}
6. Bc4 {[%clk 1:33:01]} Nd7 {[%clk 1:32:30]} 7. O-O {[%clk 1:33:21]} Ngf6
{[%clk 1:32:29]} 8. c3 {[%clk 1:20:53]} Bd6 {[%clk 1:32:52]} 9. Bg5
{[%clk 1:14:25]} O-O {[%clk 1:32:11]} 10. Nbd2 {[%clk 1:14:44]} Qb6
{[%clk 1:30:37]} 11. Qc2 {[%clk 1:11:02]} Rae8 {[%clk 1:26:30]} 12. Rae1
{[%clk 1:06:55]} h6 {[%clk 1:21:28]} 13. Bh4 {[%clk 1:06:38]} Re7
{[%clk 1:10:44]} 1/2-1/2

[Event "MSR_ch16"]
[Site "?"]
[Date "2024.04.07"]
[Round "4.13"]
[White "Libich, Oliver"]
[Black "Kapinaj, Matus"]
[Result "1/2-1/2"]
[BlackElo "1858"]
[WhiteElo "1857"]
[LiveChessVersion "1.4.8"]

1. f4 {[%clk 1:30:58]} d5 {[%clk 1:30:41]} 2. c4 {[%clk 1:31:26]} d4
{[%clk 1:31:04]} 3. d3 {[%clk 1:31:00]} g5 {[%clk 1:30:40]} 4. g3
{[%clk 1:27:28]} gxf4 {[%clk 1:27:16]} 5. Bxf4 {[%clk 1:27:49]} Nd7
{[%clk 1:24:45]} 6. Bg2 {[%clk 1:26:23]} e5 {[%clk 1:22:21]} 7. Bc1
{[%clk 1:26:16]} Bh6 {[%clk 1:20:09]} 8. Nh3 {[%clk 1:22:38]} Ndf6
{[%clk 1:15:25]} 9. Nf2 {[%clk 1:15:47]} c6 {[%clk 1:15:07]} 10. O-O
{[%clk 1:12:41]} Be6 {[%clk 1:14:54]} 11. b4 {[%clk 1:05:55]} Be3
{[%clk 1:12:33]} 12. Bxe3 {[%clk 1:05:09]} dxe3 {[%clk 1:12:55]} 13. Ne4
{[%clk 1:04:39]} Nxe4 {[%clk 1:12:34]} 14. Bxe4 {[%clk 1:05:00]} Nh6
{[%clk 1:08:09]} 15. Bg2 {[%clk 0:59:30]} Qd7 {[%clk 1:06:30]} 16. Na3
{[%clk 0:56:12]} Nf5 {[%clk 1:05:00]} 17. Nc2 {[%clk 0:55:59]} h5
{[%clk 1:02:12]} 18. Rf3 {[%clk 0:45:08]} O-O-O {[%clk 1:01:26]} 19. Nxe3
{[%clk 0:45:03]} Nxe3 {[%clk 1:01:45]} 20. Rxe3 {[%clk 0:44:50]} Bxc4
{[%clk 1:01:00]} 21. Qc1 {[%clk 0:42:27]} Ba6 {[%clk 0:58:59]} 22. Kh1
{[%clk 0:38:40]} h4 {[%clk 0:55:37]} 23. g4 {[%clk 0:39:03]} Kb8 {[%clk 0:55:01]}
24. h3 {[%clk 0:37:20]} f5 {[%clk 0:54:41]} 25. Qc5 {[%clk 0:30:05]} fxg4
{[%clk 0:53:00]} 26. a4 {[%clk 0:26:58]} gxh3 {[%clk 0:52:27]} 27. Qxe5+
{[%clk 0:24:22]} Ka8 {[%clk 0:52:04]} 28. Bxh3 {[%clk 0:24:36]} Qd5+
{[%clk 0:50:07]} 29. Bg2 {[%clk 0:24:17]} Qd7 {[%clk 0:46:52]} 30. Qc5
{[%clk 0:20:59]} Rhg8 {[%clk 0:35:44]} 31. Re7 {[%clk 0:05:19]} Qg4
{[%clk 0:34:13]} 32. Rg1 {[%clk 0:04:27]} Rd4 {[%clk 0:31:39]} 33. Qe5
{[%clk 0:01:32]} Rdd8 {[%clk 0:31:04]} 1/2-1/2

[Event "MSR_ch16"]
[Site "?"]
[Date "2024.04.07"]
[Round "4.14"]
[White "Cizmar, Tomas"]
[Black "Cerven, Samuel"]
[Result "1-0"]
[BlackElo "1732"]
[WhiteElo "1736"]
[LiveChessVersion "1.4.8"]

1. e4 {[%clk 1:30:58]} d5 {[%clk 1:30:45]} 2. exd5 {[%clk 1:31:24]} Qxd5
{[%clk 1:30:49]} 3. Nc3 {[%clk 1:31:49]} Qa5 {[%clk 1:30:58]} 4. d4
{[%clk 1:32:07]} Nf6 {[%clk 1:31:06]} 5. Nf3 {[%clk 1:32:19]} Bf5
{[%clk 1:30:30]} 6. Bd2 {[%clk 1:32:16]} c6 {[%clk 1:30:22]} 7. Ne5
{[%clk 1:29:57]} e6 {[%clk 1:25:40]} 8. g4 {[%clk 1:26:01]} Bg6 {[%clk 1:24:10]}
9. h4 {[%clk 1:24:42]} h6 {[%clk 1:22:54]} 10. Nxg6 {[%clk 1:24:47]} fxg6
{[%clk 1:23:12]} 11. Bd3 {[%clk 1:24:37]} Bd6 {[%clk 1:15:36]} 12. Bxg6+
{[%clk 1:24:47]} Kd7 {[%clk 1:15:40]} 13. Qe2 {[%clk 1:23:22]} Qb6
{[%clk 1:11:41]} 14. O-O-O {[%clk 1:22:59]} Na6 {[%clk 1:08:06]} 15. Rhe1
{[%clk 1:18:55]} Nc7 {[%clk 1:07:25]} 16. Ne4 {[%clk 1:10:40]} Nxe4
{[%clk 1:06:56]} 17. Qxe4 {[%clk 1:10:48]} Rhf8 {[%clk 1:05:05]} 18. f4
{[%clk 1:03:34]} Qa6 {[%clk 0:58:11]} 19. Kb1 {[%clk 1:01:57]} Qb5
{[%clk 0:57:18]} 20. f5 {[%clk 0:58:48]} exf5 {[%clk 0:57:10]} 21. Bxf5+
{[%clk 0:57:49]} Kd8 {[%clk 0:57:32]} 22. Bf4 {[%clk 0:48:54]} Bxf4
{[%clk 0:56:57]} 23. Qe7# 1-0

[Event "MSR_ch16"]
[Site "?"]
[Date "2024.04.07"]
[Round "4.15"]
[White "Hozlar, Michal"]
[Black "Hanzel, Richard"]
[Result "1-0"]
[BlackElo "1555"]
[WhiteElo "1696"]
[LiveChessVersion "1.4.8"]

1. e4 {[%clk 1:30:44]} c6 {[%clk 1:29:59]} 2. d4 {[%clk 1:30:14]} d5
{[%clk 1:30:22]} 3. e5 {[%clk 1:29:51]} Bf5 {[%clk 1:30:46]} 4. Nf3
{[%clk 1:29:41]} e6 {[%clk 1:31:08]} 5. Be2 {[%clk 1:28:51]} c5 {[%clk 1:31:27]}
6. c3 {[%clk 1:28:35]} Nc6 {[%clk 1:31:48]} 7. O-O {[%clk 1:27:57]} Qb6
{[%clk 1:26:51]} 8. a3 {[%clk 1:22:55]} c4 {[%clk 1:20:46]} 9. Nbd2
{[%clk 1:19:23]} h6 {[%clk 1:10:41]} 10. Re1 {[%clk 1:12:27]} Nge7
{[%clk 1:05:17]} 11. Bxc4 {[%clk 1:06:34]} dxc4 {[%clk 1:03:36]} 12. Nxc4
{[%clk 1:05:02]} Qc7 {[%clk 1:01:34]} 13. Nd6+ {[%clk 1:03:42]} Kd7
{[%clk 0:58:53]} 14. Nxf7 {[%clk 1:03:17]} Rg8 {[%clk 0:58:10]} 15. c4
{[%clk 1:02:45]} Kc8 {[%clk 0:56:04]} 16. d5 {[%clk 1:02:02]} exd5
{[%clk 0:52:05]} 17. cxd5 {[%clk 1:01:53]} Nxd5 {[%clk 0:51:46]} 18. Qxd5
{[%clk 1:01:23]} Bh7 {[%clk 0:50:28]} 19. Bf4 {[%clk 0:58:33]} g5
{[%clk 0:48:19]} 20. Bg3 {[%clk 0:58:28]} Rg7 {[%clk 0:46:43]} 21. e6
{[%clk 0:57:59]} Qe7 {[%clk 0:45:51]} 22. Nd6+ 1-0

[Event "MSR_ch16"]
[Site "?"]
[Date "2024.04.07"]
[Round "4.16"]
[White "Karaba, Rudolf"]
[Black "Visvader, Kristof"]
[Result "1-0"]
[BlackElo "1740"]
[WhiteElo "1640"]
[LiveChessVersion "1.4.8"]

1. c4 {[%clk 1:30:30]} d6 {[%clk 1:29:38]} 2. Nc3 g6 3. g3 {[%clk 1:30:28]} Bg7
{[%clk 1:29:55]} 4. Bg2 c6 {[%clk 1:30:02]} 5. Nf3 {[%clk 1:31:10]} Nf6 6. d3
{[%clk 1:31:32]} Qc7 {[%clk 1:29:58]} 7. Bd2 {[%clk 1:31:31]} O-O
{[%clk 1:29:28]} 8. O-O {[%clk 1:31:51]} Nbd7 {[%clk 1:28:14]} 9. Qc1 Re8
{[%clk 1:15:02]} 10. Ne1 {[%clk 1:23:28]} Nb6 11. Nc2 Bd7 {[%clk 0:57:01]} 12. a4
{[%clk 1:19:35]} Rad8 {[%clk 0:53:52]} 13. a5 {[%clk 1:19:13]} Nc8
{[%clk 0:54:09]} 14. e4 {[%clk 1:14:47]} a6 {[%clk 0:50:17]} 15. f4
{[%clk 1:12:10]} c5 {[%clk 0:44:12]} 16. Ne3 {[%clk 1:10:17]} Bc6
{[%clk 0:40:53]} 17. f5 {[%clk 1:06:17]} e5 {[%clk 0:37:30]} 18. h3
{[%clk 1:03:56]} Ne7 {[%clk 0:35:18]} 19. g4 {[%clk 1:03:48]} b5 {[%clk 0:35:03]}
20. axb6 {[%clk 1:03:49]} Qxb6 {[%clk 0:35:07]} 21. g5 {[%clk 1:04:08]} Nh5
{[%clk 0:27:36]} 22. f6 {[%clk 1:04:25]} Nf4 {[%clk 0:27:24]} 23. Qc2
{[%clk 1:03:42]} Rb8 {[%clk 0:27:14]} 24. Ra2 {[%clk 1:02:58]} Nf5
{[%clk 0:24:51]} 25. exf5 {[%clk 1:03:00]} 1-0

[Event "MSR_ch16"]
[Site "?"]
[Date "2024.04.07"]
[Round "4.17"]
[White "Vida, Gergo"]
[Black "Malina, Marko"]
[Result "0-1"]
[BlackElo "1000"]
[WhiteElo "1674"]
[LiveChessVersion "1.4.8"]

1. e4 {[%clk 1:30:56]} e5 {[%clk 1:30:54]} 2. Nf3 {[%clk 1:31:17]} Nc6
{[%clk 1:31:19]} 3. Bb5 {[%clk 1:31:39]} a6 {[%clk 1:31:41]} 4. Ba4
{[%clk 1:32:03]} Nf6 {[%clk 1:32:05]} 5. O-O {[%clk 1:32:20]} Be7
{[%clk 1:32:18]} 6. Re1 {[%clk 1:32:32]} b5 {[%clk 1:32:26]} 7. Bb3
{[%clk 1:32:51]} O-O {[%clk 1:32:40]} 8. h3 {[%clk 1:33:01]} d6 {[%clk 1:32:21]}
9. c3 {[%clk 1:33:03]} Na5 {[%clk 1:31:35]} 10. Bc2 {[%clk 1:33:06]} c5
{[%clk 1:31:19]} 11. d4 {[%clk 1:32:06]} cxd4 {[%clk 1:29:45]} 12. cxd4
{[%clk 1:32:21]} Nd7 {[%clk 1:27:58]} 13. b3 {[%clk 1:31:41]} Bf6
{[%clk 1:26:49]} 14. Be3 {[%clk 1:29:26]} exd4 {[%clk 1:25:40]} 15. Bxd4
{[%clk 1:27:52]} Ne5 {[%clk 1:23:43]} 16. Nxe5 {[%clk 1:22:02]} Bxe5
{[%clk 1:23:38]} 17. Nc3 {[%clk 1:06:41]} Nc6 {[%clk 1:21:36]} 18. Bxe5
{[%clk 1:06:33]} dxe5 {[%clk 1:21:29]} 19. Rc1 {[%clk 1:05:37]} Be6
{[%clk 1:21:14]} 20. Bb1 {[%clk 1:01:06]} Nd4 {[%clk 1:19:58]} 21. Qd3
{[%clk 0:47:36]} Qg5 {[%clk 1:17:26]} 22. Kh1 {[%clk 0:37:22]} Rad8
{[%clk 1:16:32]} 23. Ne2 {[%clk 0:29:51]} Nxb3 {[%clk 1:15:24]} 24. Qf3
{[%clk 0:25:27]} Nxc1 {[%clk 1:14:56]} 25. Rxc1 {[%clk 0:25:44]} f5
{[%clk 1:14:35]} 26. exf5 {[%clk 0:17:59]} Bxf5 {[%clk 1:14:49]} 27. Bxf5
{[%clk 0:17:51]} Qxf5 {[%clk 1:14:57]} 28. Qb3+ {[%clk 0:16:59]} Kh8
{[%clk 1:15:04]} 29. Rf1 {[%clk 0:17:15]} Qd3 {[%clk 1:14:55]} 30. Qb2
{[%clk 0:16:36]} Qd2 {[%clk 1:15:16]} 0-1

[Event "MSR_ch16"]
[Site "?"]
[Date "2024.04.07"]
[Round "4.19"]
[White "Slivinsky, Maxim"]
[Black "Kyselica, Daniel"]
[Result "1-0"]
[BlackElo "1652"]
[WhiteElo "1638"]
[LiveChessVersion "1.4.8"]

1. e4 {[%clk 1:30:58]} c5 {[%clk 1:30:39]} 2. Nf3 {[%clk 1:31:15]} e6
{[%clk 1:30:54]} 3. d4 {[%clk 1:31:22]} cxd4 {[%clk 1:31:22]} 4. Nxd4
{[%clk 1:31:43]} Nc6 {[%clk 1:31:46]} 5. Nb5 {[%clk 1:31:21]} d6 {[%clk 1:31:38]}
6. c4 {[%clk 1:31:20]} Nf6 {[%clk 1:31:05]} 7. N5c3 {[%clk 1:30:34]} a6
{[%clk 1:24:08]} 8. Be2 {[%clk 1:30:52]} Qc7 {[%clk 1:19:49]} 9. Be3
{[%clk 1:29:52]} Rb8 {[%clk 1:18:54]} 10. O-O {[%clk 1:29:24]} Bd7
{[%clk 1:17:28]} 11. Nd2 {[%clk 1:26:46]} Be7 {[%clk 1:13:22]} 12. Rc1
{[%clk 1:24:48]} Qd8 {[%clk 1:09:24]} 13. a3 {[%clk 1:23:42]} Ne5
{[%clk 1:05:11]} 14. b4 {[%clk 1:20:23]} b5 {[%clk 1:04:51]} 15. cxb5
{[%clk 1:18:43]} axb5 {[%clk 1:05:18]} 16. Nb3 {[%clk 1:17:42]} Bc6
{[%clk 1:03:14]} 17. f3 {[%clk 1:16:27]} d5 {[%clk 0:57:12]} 18. Bf4
{[%clk 1:11:35]} Bd6 {[%clk 0:56:17]} 19. Na5 {[%clk 1:03:12]} Bd7
{[%clk 0:33:55]} 20. exd5 {[%clk 0:59:31]} Qb6+ {[%clk 0:31:40]} 21. Kh1
{[%clk 0:58:45]} O-O {[%clk 0:30:35]} 22. dxe6 {[%clk 0:54:07]} fxe6
{[%clk 0:30:44]} 23. Nxb5 Nxf3 {[%clk 0:27:53]} 24. Bxd6 {[%clk 0:30:44]} Bxb5
{[%clk 0:27:52]} 25. Bxf8 {[%clk 0:29:02]} Bxe2 {[%clk 0:26:08]} 26. Qxe2
{[%clk 0:28:44]} Nd4 {[%clk 0:26:24]} 27. Qe3 {[%clk 0:26:55]} Rxf8
{[%clk 0:25:56]} 28. Rcd1 {[%clk 0:25:47]} e5 {[%clk 0:23:39]} 29. Qxe5
{[%clk 0:24:08]} Nb5 {[%clk 0:22:40]} 30. Qb2 {[%clk 0:21:58]} Re8
{[%clk 0:21:52]} 31. Nc4 {[%clk 0:20:53]} Re6 {[%clk 0:19:39]} 32. Nxb6
{[%clk 0:21:14]} 1-0